000 00636nam a22002057a 4500
999 _c8994
_d8994
003 AR-CdUCM
008 190327b ||||| |||| 00| 0 spa d
040 _aMUNICIPALIDAD PROVINCIAL DEL CUSCO
_cBIBLIOTECA MUNICIPAL DEL CUSCO
082 _a869.56 /
_bR621
100 _aRivera Alarcón , Félix Atilio
_924909
245 _aLa batalla de Ayacucho (Poemas) /
260 _aAyacucho.
_bEdiciones Anku Puma,
_c1980.
300 _a49 páginas ;
_c21 cm.
505 _aContenido: Poesía ayacuchana.
650 _aPoesía ayacuchana
_917966
650 _aSiglo XX
_98
650 _aBatalla
_914432
942 _2ddc
_cLIBROS
945 _adavv